Yeruldelgger Mortenella atreppa

محفوظ في:
التفاصيل البيبلوغرافية
المؤلف الرئيسي: Ian Manook
التنسيق: كتاب
اللغة:لغة غير معروفة
منشور في: Darkside
الوسوم: إضافة وسم
لا توجد وسوم, كن أول من يضع وسما على هذه التسجيلة!

MARC

LEADER 00000nam a2200000Ia 4500
001 R-437
003 CODICE-MESSINA
005 20260212102451.0
008 260211s9999 xx 000 0 und d
040 |c importazione_messina 
100 |a Ian Manook 
245 0 |a Yeruldelgger 
245 0 |b Mortenella atreppa 
260 |b Darkside 
942 |2 ddc  |c BK 
952 |0 0  |1 0  |2 ddc  |4 0  |6 SCAFFALE_4_000000000000000__ROMANZI  |7 0  |9 31257  |a ME  |b ME  |d 2026-02-11  |l 0  |o SCAFFALE 4 - ROMANZI  |p R-437  |r 2026-02-11 23:52:26  |w 2026-02-11  |x [REVISIONARE]  |y BK 
999 |c 26921  |d 26921